Fishes : aid to collection, preservation and identification

Bibliographic Details
Main Author: Jyoti, M.K
Other Authors: Sharma, Arti
Format: Book
Published: New Delhi : Daya Publishing House , 2006
Subjects:

MARC

LEADER 00000cam a2200000 7i4500
001 0000019907
005 20080623.0
008 080619
020 |a 8170354323 
090 0 0 |a 597   |b JYO 
100 1 |a Jyoti, M.K. 
245 1 0 |a Fishes :   |b aid to collection, preservation and identification   |c M.K Jyoti ; Arti Sharma 
260 |a New Delhi :   |b Daya Publishing House ,   |c 2006 
650 0 |a Fishes 
650 0 |a Fishes   |x identification 
700 1 |a Sharma, Arti 
999 |a 0001025806   |b Book   |c Adult Collection   |e Cawangan Urban Transformation Centre 
999 |a 0001025807   |b Book   |c REFERENCE   |e Perbadanan Perpustakaan Awam Johor